ბათუმის შოთა რუსთაველის სახელმწიფო უნივერსიტეტის ბიბლიოთეკა

Избранное т. 1 : (ბიბ.ჩანაწერი № 46515)

000 -LEADER
fixed length control field 00778nam a2200205Ia 4500
001 - CONTROL NUMBER
control field 13354
003 - CONTROL NUMBER IDENTIFIER
control field GE_BSU
005 - DATE AND TIME OF LATEST TRANSACTION
control field 20240906170358.0
008 - FIXED-LENGTH DATA ELEMENTS--GENERAL INFORMATION
fixed length control field 181216s2013||||ru |||||||||||||| ||rus||
020 ## - INTERNATIONAL STANDARD BOOK NUMBER
International Standard Book Number 978906016133
040 ## - CATALOGING SOURCE
Transcribing agency GE_BSU
080 ## - UNIVERSAL DECIMAL CLASSIFICATION NUMBER
Universal Decimal Classification number 28 А-79
100 ## - MAIN ENTRY--PERSONAL NAME
Personal name Араби, Ибн
9 (RLIN) 23178
245 ## - TITLE STATEMENT
Title Избранное т. 1 :
Remainder of title Философская мысль исламского мира /
Statement of responsibility, etc. Ибн Араби ;Переводы т. 1 Пер. с арабск. вводн. статья и коммент. И. Р. Насырова.
264 ## - PRODUCTION, PUBLICATION, DISTRIBUTION, MANUFACTURE, AND COPYRIGHT NOTICE
Place of production, publication, distribution, manufacture Москва :
Name of producer, publisher, distributor, manufacturer ООО Садра,
Date of production, publication, distribution, manufacture, or copyright notice 2013.
300 ## - PHYSICAL DESCRIPTION
Extent 215 стр. ;
Dimensions 21 см.
653 ## - INDEX TERM--UNCONTROLLED
keyword Избранное
653 ## - INDEX TERM--UNCONTROLLED
keyword Философская мысль исламского мира
942 ## - ADDED ENTRY ELEMENTS (KOHA)
Koha item type წიგნი
Source of classification or shelving scheme
ეგზემპლარები
Withdrawn status Lost status Source of classification or shelving scheme Damaged status Not for loan Permanent Location Current Location Shelving location Date acquired Full call number Barcode Date last seen Copy number Price effective from Koha item type
          ბათუმის შოთა რუსთაველის სახელმწიფო უნივერსიტეტის მთავარი ბიბლიოთეკა ბათუმის შოთა რუსთაველის სახელმწიფო უნივერსიტეტის მთავარი ბიბლიოთეკა წიგნსაცავი 2018-12-17 28 А-79 27249 2018-12-17 27249 2018-12-17 წიგნი